01837nam a2200337 a 4500001001000000003000900010005001700019007000300036008003700039020001800076040003100094082002900125100004700154100002800201245005100229264006200280300003000342336002700372337003300399338002800432490003100460500007000491505066300561590002601224650003001250650002601280910004101306942001201347952012301359999001701482000031765DO-SdBPM20250627101813.0ta110701s2012 dr 000 0 spa d a9789993446187 aDO-SdBPMbspacBPMSU drda 4aRD864.44bV443m 20122221 aVeloz Maggiolo, Marcio,d1936-2021eautor z a Maggiolo, Marcio Veloz10aMemorias reversibles /cMarcio Veloz Maggiolo. aSanto Domingo :bAcademia Dominicana de la Lengua,c2012. a121 páginas . ;c24 cm. atextobtxt2rdacontent asin mediaciónbn2rdamedia avolumenbnc2rdacarrier0 aLetras de la Academia,v15 aIncluye datos biográficos del autor en la solapa de la cubierta0 aLa poesía narrativa de Víctor Villegas 7|Dulce María Loynaz : un idioma de luces 17|Tony Raful y las bodas de Rosaura con la primavera 23|El puño, "Remembranzas"perplejas : un época de nuestra cultura 29|Conversación con Juan Liscano 37|Virgilio Díaz Grullón, Memorial con olvidos 51|Juan Bosch "Remembranzas" 55|Los sententa años de Juan Bosch 61|Juan Bosch y los indios 65|Carlos Esteban Deive y La mala vida 77|Bernardo Vega : Trujillo en la vida cotidiana 89|René Rodríguez Soriano y Tejeda Holguín : Los manejos del misterio 101|Andrés L. Mateo y las formas de ser pirata 107|Antonio Fernández Spencer : Memorias y ocasos 113 aInventariado, 2025/VM 7a Ensayos dominicanos 2  7aLiteratura dominicana aVMateo V. Control de calidad. BPMSU  2ddccBK 00102ddc708CDaBPMETbBPMETd2025-06-27l0oBPMSU CD RD864.44 V443m 2012pBPMSU25060138r2025-06-27w2025-06-27yBK c15235d15235